00938nam a2200253 a 450000100060000000300080000600500170001400800410003103500190007204000380009104100080012908200220013710000320015924500650019126000450025630000240030150400510032560000460037665000660042265000320048894200120052099900170053295201350054936038BD-RjUL20211209052425.0140615s1952 enk 000 0 eng d a(BD-RjUL)36135 aNUN:SbengcNUN:SdNUN:SdBD-RjUL aeng00a190220bMUP 19521 aMunz, Peter,d1921-910970114aThe place of Hooker in the history of thought /cPeter Munz. aLondon :bRoutledge & Kegan Paul,c1952. ax, 217 p. ;c23 cm. aIncludes bibliographical references and index.10aHooker, Richard,d1553 or 4-1600.9109707 0aChurch and statezGreat BritainxEarly works to 1800.9109703 0aPhilosophy, Modern.9109704 2ddccBK c36038d36038 00102ddc40718NFICaRUCLbRUCLcReadingd1956-02-02eA. B. C.g14.10l0o190 MUP 1952r2014-06-15 00:00:00tC-1w2014-06-15yBK